Книга японских обыкновений

Bibliographic Details
Other Authors: Мещеряков А. Н. (составитель)
Summary:Книга посвящена описанию культуры и образа жизни японцев. Первая часть книги, давшая название всему изданию, принадлежит перу А. Н. Мещерякова, известного ученого, автора многих работ по древней и средневековой Японии, долго жившего в этой интереснейшей стране. С неизменной любовью, но без обиняков, он показывает нам внутренние, порой интимные особенности японской жизни в неразрывной связи прошлого и настоящего. Во второй части приведены исторические записки миссионеров-иезуитов, проповедовавших христианство среди японцев в XVI—XVII вв. Третья часть составлена из архивных документов, путевых дневников и воспоминаний европейских путешественников, побывавших в Японии в XVII—XIX веках. Все это дает возможность лучше понять не только реалии японской повседневности, но и проникнуть в саму душу японцев с той стороны, которая оставалась для нас сокрытой в течение столь долгого времени. Книга богато иллюстрирована и обращена к тем, кто интересуется культурой народов Дальнего Востока.
Language:Russian
Published: Москва, Наталис, 2006
Series:Восточная коллекция
Subjects:
Format: MixedMaterials Book
KOHA link:https://koha.lib.tpu.ru/cgi-bin/koha/opac-detail.pl?biblionumber=343768

MARC

LEADER 00000nam0a2200000 4500
001 343768
005 20231102005608.0
010 |a 5806202135 
010 |a 5-7905-4352-9 
035 |a (RuTPU)RU\TPU\book\374356 
090 |a 343768 
100 |a 20191029d2006 km y0rusy50 ca 
101 0 |a rus 
102 |a RU 
105 |a a z 000zy 
200 1 |a Книга японских обыкновений  |f сост. А. Н. Мещеряков 
210 |a Москва  |c Наталис  |c РИПОЛ классик  |d 2006 
215 |a 399 с.  |c ил. 
225 1 |a Восточная коллекция 
330 |a Книга посвящена описанию культуры и образа жизни японцев. Первая часть книги, давшая название всему изданию, принадлежит перу А. Н. Мещерякова, известного ученого, автора многих работ по древней и средневековой Японии, долго жившего в этой интереснейшей стране. С неизменной любовью, но без обиняков, он показывает нам внутренние, порой интимные особенности японской жизни в неразрывной связи прошлого и настоящего. Во второй части приведены исторические записки миссионеров-иезуитов, проповедовавших христианство среди японцев в XVI—XVII вв. Третья часть составлена из архивных документов, путевых дневников и воспоминаний европейских путешественников, побывавших в Японии в XVII—XIX веках. Все это дает возможность лучше понять не только реалии японской повседневности, но и проникнуть в саму душу японцев с той стороны, которая оставалась для нас сокрытой в течение столь долгого времени. Книга богато иллюстрирована и обращена к тем, кто интересуется культурой народов Дальнего Востока. 
606 1 |a Япония  |x Культура  |x История  |2 stltpush  |3 (RuTPU)RU\TPU\subj\69157  |9 84124 
610 1 |a японская культура 
610 1 |a образ жизни 
610 1 |a история 
610 1 |a национальная ментальность 
610 1 |a обычаи 
610 1 |a иезуиты 
610 1 |a путешественники 
610 1 |a японцы 
686 |a Т3(5Япо)  |v LBC/SL-A  |2 rubbk 
702 1 |a Мещеряков  |b А. Н.  |4 220 
801 1 |a RU  |b 63413507  |c 20191029 
801 2 |a RU  |b 63413507  |c 20191128  |g RCR 
942 |c BK